Alternating-current circuits
Guardat en:
| Autors principals: | , |
|---|---|
| Format: | Llibre |
| Idioma: | anglès |
| Publicat: |
Tokio
Toppan
1960
|
| Edició: | 4a. ed |
| Matèries: | |
| Etiquetes: |
Afegir etiqueta
Sense etiquetes, Sigues el primer a etiquetar aquest registre!
|
MARC
| LEADER | 00000nam a2200000 a 4500 | ||
|---|---|---|---|
| 001 | UCU5180 | ||
| 003 | CL-VaPUC | ||
| 008 | 960531e19600000JA |||||||||||||||||eng|d | ||
| 082 | 0 | 4 | |a 621.31 |b KER |2 21 |
| 100 | |a Kerchner, Russell M |e author |9 363052 | ||
| 700 | 0 | |a Corcoran, George F |e author |9 363053 | |
| 245 | 1 | 0 | |a Alternating-current circuits |
| 250 | |a 4a. ed | ||
| 300 | |a 602 p | ||
| 942 | |c BK | ||
| 945 | |d 19960531 00:00:00 |a lriquelm | ||
| 260 | |a Tokio |b Toppan |c 1960 | ||
| 650 | 7 | |a CORRIENTES ALTERNAS |2 CL-VaPUC |9 263344 | |
| 650 | 0 | |a Circuitos eléctricos |9 260262 | |
| 650 | 0 | |a Alternadores |9 361232 | |
| 650 | 0 | |a Álgebra |9 259567 | |
| 650 | 0 | |a Electricidad |9 260222 | |
| 583 | |a last modification |c 19960531 00:00:00 |k Rodrigo Vera | ||
| 999 | |c 248628 |d 248626 | ||